000 00579nam a2200205Ia 4500
001 14906
003 GE_BSU
008 181216s||||||||xx |||||||||||||| ||und||
040 _cGE_BSU
080 _a53
100 _aБеклемишев,А.В.
245 _aМеры и единицы физических величин
245 _cРед.Е.Б.Кузнецова
260 _aМосква
260 _bГостехиздат
260 _c1954
300 _a283стр.20см.
653 _aМеры и единицы физических величин
942 _cBK
999 _c48026
_d48026